000 00324nam a22001577a 4500
003 SGT
082 _a612
_bT15J
100 _aJAIN,A.K
245 _aTEXT BOOK OF PHYSIOLOGY
250 _a6TH
260 _aDELHI
_bAVICHAL PUB
_c2015
300 _a590
650 _aPHYSIOLOGY
653 _aPHYSIOLOGY
942 _2ddc
_cBK
_0139
999 _c8280
_d8280